Fluvial processes in geomorphology / (Record no. 27460)

MARC details
000 -LEADER
fixed length control field 01290cam a2200337 i 4500
003 - CONTROL NUMBER IDENTIFIER
control field EG-ScBUE
005 - DATE AND TIME OF LATEST TRANSACTION
control field 20260419110201.0
008 - FIXED-LENGTH DATA ELEMENTS--GENERAL INFORMATION
fixed length control field 950515s1995 nyuab f b 001 0 eng d
020 ## - INTERNATIONAL STANDARD BOOK NUMBER
International Standard Book Number 0486685888
020 ## - INTERNATIONAL STANDARD BOOK NUMBER
International Standard Book Number 9780486685885
040 ## - CATALOGING SOURCE
Original cataloging agency DLC
Language of cataloging eng
Description conventions rda
Transcribing agency DLC
Modifying agency DLC
-- EG-ScBUE
082 04 - DEWEY DECIMAL CLASSIFICATION NUMBER
Classification number 551.4
Item number LEO
Edition number 22
100 1# - MAIN ENTRY--PERSONAL NAME
Personal name Leopold, Luna B.,
Fuller form of name (Luna Bergere),
Dates associated with a name 1915-2006,
Relator term author.
245 10 - TITLE STATEMENT
Title Fluvial processes in geomorphology /
Statement of responsibility, etc Luna B. Leopold, M. Gordon Wolman, John P. Miller.
250 ## - EDITION STATEMENT
Edition statement Dover edition.
264 #1 - PUBLICATION, DISTRIBUTION, ETC. (IMPRINT)
Place of publication, distribution, etc New York :
Name of publisher, distributor, etc Dover Publications,
Date of publication, distribution, etc 1995.
300 ## - PHYSICAL DESCRIPTION
Extent xiii, 522 pages :
Other physical details illustrations, maps ;
Dimensions 22 cm
336 ## - CONTENT TYPE
Source rdacontent
Content type term text
Content type code txt
337 ## - MEDIA TYPE
Media type term unmediated
Source rdamedia
Media type code n
338 ## - CARRIER TYPE
Carrier type term volume
Carrier type code nc
Source rdacarrier
500 ## - GENERAL NOTE
General note "An unabridged and unaltered republication of the work first published by W.H. Freeman and Company, San Francisco, in 1964"--T.p. verso.
504 ## - BIBLIOGRAPHY, ETC. NOTE
Bibliography, etc Includes bibliographical references and index.
650 #7 - SUBJECT ADDED ENTRY--TOPICAL TERM
Topical term or geographic name as entry element Physical geography.
Source of heading or term BUEsh
9 (RLIN) 5166
650 #7 - SUBJECT ADDED ENTRY--TOPICAL TERM
Topical term or geographic name as entry element Rivers.
Source of heading or term BUEsh
9 (RLIN) 5645
651 ## - SUBJECT ADDED ENTRY--GEOGRAPHIC NAME
Source of heading or term BUEsh
653 ## - INDEX TERM--UNCONTROLLED
Resource For college Engineering, General
Arrived date list May2019
655 ## - INDEX TERM--GENRE/FORM
Form subdivision Reading book
700 1# - ADDED ENTRY--PERSONAL NAME
Personal name Wolman, M. Gordon,
Fuller form of name (Markley Gordon),
Dates associated with a name 1924-
Relator term author.
700 1# - ADDED ENTRY--PERSONAL NAME
Personal name Miller, John P.,
Fuller form of name (John Preston),
Dates associated with a name 1923-1961,
Relator term author.
942 ## - ADDED ENTRY ELEMENTS (KOHA)
Source of classification or shelving scheme Dewey Decimal Classification
Koha item type Book - Borrowing
Holdings
Withdrawn status Lost status Source of classification or shelving scheme Damaged status Not for loan Collection code Home library Current library Shelving location Date acquired Source of acquisition Total Checkouts Full call number Barcode Date last seen Koha item type
    Dewey Decimal Classification     unknown Central Library Central Library First floor 14/05/2019 Donation   551.4 LEO 000043499 15/07/2025 Book - Borrowing